Responses for Show #3993 - Wednesday, January 2, 2002

Mark Lee game 2.

(Jimmy: Today on Jeopardy! We boldly go where no quiz show has ever gone before.)
(Sofia: Alex Trebek's garage!)

Contestants

[<< previous game]

Kevin Au, a stockbroker originally from Honolulu, Hawaii

Christine Walker, a business manager from Evanston, Illinois

Mark Lee, a sales manager originally from Peoria, Illinois (whose 1-day cash winnings total $21,601)

[next game >>]

Jeopardy! Round responses

BEFORE, AFTER
CHILDREN'S LIT
(Alex: In this category, we want you to name the one who is...)
NOT A POPE
THE EMMYS
HOLLOW
TOOL TIME
(Alex: And, direct from my garage, [*]. We'll have fun there.)
    $200 16
Grant

Mark
    $200 11
the Little Mermaid

Kevin
    $200 8
George III

Mark
    $200 21
Billy Crystal

Kevin
    $200 6
a log

Mark
    $200 1
battery power

Kevin
    $400 17
a vote

Mark
    $400 12
"Aladdin"

Mark
    $400 9
(Kevin: Who is Alexander II?)
(Christine: Who is Eugene?)

[NOTE: Mark responded "Who is Urgent", and was counted correct.]

Urgent III

MarkChristineKevin
    $400 22
MGM

Kevin
    $400 7
the Liberty Bell

Triple Stumper
    $400 2
(Kevin: What's a scraper?)
...
(Alex: Oh, you're not into tools. Those were all [*].)

chisels

Kevin
Triple Stumper
    $600 18
(Kevin: What's the Ottoman Empire?)
(Mark: What is Hungary?)
...
(Alex: The [*]-Hungarian Empire.)

Austria

MarkKevin
Triple Stumper
    $600 13
(Alex: Your...yeah, we'll give him that. "Not by the hair of my chinny chin chin.")

your chinny-chin-chin

Kevin
    $600 10
(Alex: Who is Malcolm, better known as "Malcolm X", not "the Tenth".)

Malcolm X

Triple Stumper
    $600 23
Cagney and Lacey

Mark
    $600 3
(Mark: What is a vice?)
...
(Alex: It's a vice [*], as a matter of fact.)

a (vice) clamp

MarkKevin
    $900 19
(Mark: [Shaking his head] Don't know.)
...
(Alex: Well, that was the evacuation at the American embassy in [*], now called [**] in Vietnam. All right, you're down to $1,500 but still in the lead. We have a minute to go. Select.)

Saigon & Ho Chi Minh City

Mark
    $800 14
Rapunzel

Mark
    $800 24
NYPD Blue

Triple Stumper
    $800 4
(Christine: What is a generator?)

a compressor

ChristineKevin
    $1000 20
(Mark: Who is Noriega?)

Ortega

MarkChristine
    $1000 15
(Alex: She gave them [*]. We would have accepted "porridge," also.

broth

Triple Stumper
    $1000 25
[The end-of-round signal sounds.]

St. Elsewhere

Triple Stumper
    $1000 5
(Mark: What is [*]?)
(Alex: Gri--hoo hoo...)
(Mark: Grinder?)
(Alex: Ooh... okay, we'll give it to you.)
[Laughter]
(Alex: It's [*] on a grinding machine, so you're back on the plus side.)

a grindstone

Mark

Scores at the first commercial break (after clue 12):

Mark Christine Kevin
$1,600 -$1,200 $1,000

Scores at the end of the Jeopardy! Round:

Mark Christine Kevin
$1,100 -$200 $1,600

Double Jeopardy! Round responses

BEFORE & AFTER
(Alex: Our more traditional category.)
RIVERS
LOOKING FOR SOME JUSTICE
INVENTORS
MUSICAL INSTRUMENTS
ROLE IN COMMON
    $400 15
(Mark: Who is Cracker Jack Nicklaus?)

Cracker Jack Nicholson

MarkKevin
    $400 18
the Amazon

Mark
    $400 21
Sandra Day O'Connor

Kevin
    $400 8
(Kevin: Who is Eastman?)

Walt Disney

Kevin
Triple Stumper
    $400 3
the French horn

Kevin
    $400 1
Batman

Christine
    $800 17
log Rolling Stones

Kevin
    $800 19
the Klondike

Triple Stumper
    $800 22
William Rehnquist

Christine
    $800 9
Edison

Kevin
    $800 4
the sitar

Mark
    $800 2
Hamlet

Kevin
    $1200 26
the Metropolitan Museum of Art Carney

Triple Stumper
    $1200 20
(Alex: What is the [*]? [*] Like it Hot. Okay, maybe not.)

Somme

Triple Stumper
    $1200 23
(Earl) Warren

Mark
    $1200 12
(Steve) Wozniak

Mark
    $1200 10
(Kevin: What's a mandolin?)

castanets

MarkKevin
    $1200 5
Alice

Christine
    $1600 27
KGB.C.

Mark
    $1600 24
(Alex: Minute to go now.)

(Warren) Burger

Christine
    $1,200 13
(Alfred) Nobel

Mark
    $1,100 11
(Mark: What is a piano?)
...
[NOTE: Mark calls for the clue at $600, the Daily Double is revealed, and Alex says, "1600? We know what you meant.]

a clarinet

Mark
    $1600 6
Col. Henry Blake

Triple Stumper
    $2000 28
[The end-of-round signal sounds.]

carte Blanche Dubois

Triple Stumper
    $2000 25
(Stephen) Breyer

Christine
    $2000 14
John Deere

Christine
    $2000 16
the sax

Mark
    $2000 7
(Christine: What is The Iceman Cometh?)
...
(Alex: In Death of a Salesman.)

Willy Loman

MarkChristine

Scores at the end of the Double Jeopardy! Round:

Mark Christine Kevin
$11,200 $5,800 $3,600

[wagering suggestions for these scores]

Final Jeopardy! Round responses

1970s GAMES
(Alex: [Before revealing the responses] Ah, the granddaddy of all video games, before Pac-Man.)
KevinWhat is Rubick Cube?
$0
ChristineWhat is Rubik's Cube?
$3,400
MarkWhat is Hacky Sack?
$401
Pong

Final scores:

Mark Christine Kevin
$10,799 $2,400 $3,600
2-day champion: $32,400 3rd place 2nd place

Game dynamics:

Coryat scores:

Mark Christine Kevin
$13,600 $5,800 $3,600
18 R
(including 1 DD),
6 W
(including 2 DDs)
7 R,
3 W
13 R,
5 W

Combined Coryat: $23,000

[game clues] [game scores] [suggest correction]

Game tape date: 2001-10-23
The J! Archive is created by fans, for fans. Scraping, republication, monetization, and malicious use prohibited; this site may use cookies and collect identifying information. See terms. The Jeopardy! game show and all elements thereof, including but not limited to copyright and trademark thereto, are the property of Jeopardy Productions, Inc. and are protected under law. This website is not affiliated with, sponsored by, or operated by Jeopardy Productions, Inc. Join the discussion at JBoard.tv.